000 00676nam a22001817a 4500
999 _c64014
_d64014
005 20260309172219.0
008 260309s2024 enk||||| |||| 00| 0 eng d
020 _a9784789012959x
041 _aeng
080 _a811.521(038) M-20
100 _aMakino, Seiichi
_927091
245 _aDictionary of Advanced Japanese Grammar /
_cSeiichi Makino, Michio Tsutsui.
264 _aTokyo :
_b‎Japan Times Publishing,
_c2024.
300 _a795 p.;
_b20 cm.
653 _aიაპონური გრამატიკის გაფართოებული ლექსიკონი
700 _aTsutsui, Michio
_eავტორი
_927092
942 _2udc
_cᲬᲘᲒᲜᲘ